000 00572nam a2200193Ia 4500
005 20260120124529.0
008 008 260114s9999 xx 000 0 eng d
020 _a9781784410179
037 _aEBOOK
040 _aCRL
_beng
_cCRL
041 _aeng
_2eng
084 _qCRL
245 0 _aPromoting and Sustaining a Quality Teacher Workforce
260 _bEmerald Publishing
_c2015
700 _aAlexander W. Wiseman
_9907451
856 _uhttps://www.emerald.com/insight/publication/doi/10.1108/S1479-3679201527
942 _cEBOOK
999 _c1499260
_d1499260